Músculos del cuello - Estadísticas

Estadísticas generales
  • Esta prueba ha sido intentada 48 veces
    44 desde el último reinicio
  • La puntuación promedio es 3 de 8
Estadísticas de respuestas
Imagen Respuesta % Correcto
Trapecio
89%
Esternocleidomastoideo
86%
Platisma
77%
Escaleno anterior
50%
Milohioideo
50%
Omohioideo
44%
Esternotiroideo
36%
Largo de la cabeza
36%
Estilohioideo
33%
Tirohioideo
33%
Digástrico
27%
Escaleno medio
25%
Escaleno posterior
20%
Constrictor medio de la faringe
14%
Constrictor inferior de la faringe
13%
Geniohioideo
9%
Largo del cuello
9%
Constrictor superior de la faringe
0%
Esternocleidohioideo
0%
Recto anterior menor
0%
Recto lateral de la cabeza
0%
No se encontraron pruebas coincidentes
Distribución de puntuación
Porcentaje de gente con cada puntuación
Porcentaje por número respondido
Historial de tus puntuaciones
No has intentado esta prueba desde el último reinicio